[Event "corr 54.DSFM/V4"]
[Site "BdF"]
[Date "2009.??.??"]
[Round "?"]
[White "Nadenau, Oskar"]
[Black "Seyb, Norbert"]
[Result "1-0"]
[WhiteElo "1927"]
[BlackElo "1781"]
[PlyCount "101"]
[EventDate "2009.??.??"]
[EventType "tourn (corr)"]
[SourceTitle "OM Corr 202003"]
[Source "Opening Master"]
[SourceDate "2019.05.30"]
[SourceVersion "2"]
[SourceVersionDate "2019.05.30"]
[SourceQuality "1"]

1. e4 e5 2. Nf3 Nc6 3. c3 Nf6 4. d3 g6 5. b4 d5 6. Qc2 Bg7 7. Be2 O-O 8. O-O a6
9. Nbd2 Qe7 10. a4 Be6 11. Bb2 dxe4 12. dxe4 Rfd8 13. Ba3 Qe8 14. Ng5 Bh6 15.
Ndf3 Bxg5 16. Nxg5 h6 17. Nf3 Bg4 18. h3 Bxf3 19. Bxf3 Kg7 20. Bc1 Qe6 21. Be2
a5 22. b5 Ne7 23. Be3 Rd7 24. c4 g5 25. c5 Ng6 26. Bc4 Qe7 27. f3 Nf4 28. Qc3
b6 29. cxb6 cxb6 30. Bxb6 Rc8 31. Qb3 Qb4 32. Qxb4 axb4 33. Bb3 Ne2+ 34. Kh2
Rd3 35. Rab1 Nc3 36. Rb2 Nd7 37. Bf2 Rd6 38. Bd5 Nxa4 39. Rxb4 Nc3 40. Bc4 Nb6
41. Bxb6 Rxb6 42. Ra1 Rc5 43. Ra6 Rb7 44. b6 Rc6 45. Bxf7 Kxf7 46. Ra7 Rxa7 47.
bxa7 Ra6 48. Rb7+ Kf8 49. Rb8+ Kf7 50. a8=Q Rxa8 51. Rxa8 1-0

[Event "corr 17.Pokal/Z 405"]
[Site "BdF"]
[Date "2009.??.??"]
[Round "?"]
[White "Anderskewitz, Ralf"]
[Black "Kuhn, Wilfried"]
[Result "1/2-1/2"]
[WhiteElo "2075"]
[BlackElo "2125"]
[PlyCount "100"]
[EventDate "2009.??.??"]
[EventType "tourn (corr)"]
[SourceTitle "OM Corr 202003"]
[Source "Opening Master"]
[SourceDate "2019.05.30"]
[SourceVersion "2"]
[SourceVersionDate "2019.05.30"]
[SourceQuality "1"]

1. e4 e5 2. Nf3 Nc6 3. c3 d5 4. Qa4 Bd7 5. exd5 Nd4 6. Qd1 Nxf3+ 7. Qxf3 Nf6 8.
Bc4 e4 9. Qe2 Bd6 10. d4 h6 11. Bb3 O-O 12. c4 c5 13. dxc5 Bxc5 14. Be3 Bxe3
15. fxe3 a5 16. O-O Qc7 17. Nc3 Ng4 18. g3 f5 19. Ba4 Bxa4 20. Nxa4 b6 21. b3
Rad8 22. Rad1 h5 23. Nc3 Qd6 24. Nb5 Qh6 25. Rde1 Rf7 26. Nd4 Rdf8 27. Nc6 Qf6
28. Kg2 h4 29. h3 Ne5 30. Nxe5 Qxe5 31. gxh4 f4 32. exf4 Rxf4 33. Rxf4 Rxf4 34.
Rf1 Rxh4 35. Qe3 Rh5 36. Qf4 Qe8 37. Re1 Qg6+ 38. Kh2 Rf5 39. Qb8+ Rf8 40. Qg3
Qf6 41. Re2 Qf1 42. Rg2 Qa1 43. Qd6 Re8 44. Qg6 Qe5+ 45. Qg3 Qd4 46. Qg4 Qe5+
47. Kh1 e3 48. Re2 Qa1+ 49. Qg1 Qd4 50. d6 Qxd6 1/2-1/2

[Event "Besancon op"]
[Site "Besancon"]
[Date "2008.12.30"]
[Round "6"]
[White "Bruez, Cyriaque"]
[Black "Devaux, Caroline"]
[Result "1-0"]
[WhiteElo "1643"]
[BlackElo "1350"]
[PlyCount "91"]
[EventDate "2008.12.26"]
[EventType "swiss"]
[EventRounds "7"]
[EventCountry "FRA"]
[SourceTitle "CBM 128 Extra"]
[Source "ChessBase"]
[SourceDate "2009.03.05"]
[SourceVersion "2"]
[SourceVersionDate "2009.03.25"]
[SourceQuality "1"]

1. e4 e5 2. Nf3 Nc6 3. c3 Nf6 4. Qc2 Be7 5. d4 d6 6. d5 Nb8 7. Be3 O-O 8. Nbd2
c6 9. c4 cxd5 10. cxd5 b6 11. Bb5 a6 12. Bc6 Qc7 13. Rc1 Nxc6 14. Qxc6 Qxc6 15.
Rxc6 b5 16. O-O Bg4 17. Rfc1 Bxf3 18. gxf3 h6 19. Nb3 Nd7 20. Na5 Nc5 21. Bxc5
dxc5 22. d6 Bh4 23. R1xc5 f5 24. d7 fxe4 25. Rc8 Ra7 26. Rxf8+ Kxf8 27. Rc8+
Kf7 28. d8=Q Bxd8 29. Rxd8 exf3 30. Nc6 Rc7 31. Nxe5+ Ke7 32. Rd1 Rc2 33. Rb1
g5 34. Nxf3 g4 35. Ne5 h5 36. Ng6+ Kf6 37. Nf4 h4 38. Nd3 Kg5 39. Nb4 Rd2 40.
Kf1 Kf4 41. Ke1 Rd6 42. Nc2 Kf3 43. b4 Re6+ 44. Kf1 Re2 45. Rb3+ Kf4 46. Kxe2
1-0

[Event "FICS rated standard game"]
[Site "FICS freechess.org"]
[Date "2008.12.30"]
[Round "?"]
[White "Opinel"]
[Black "bhagtupur"]
[Result "1-0"]
[WhiteElo "2415"]
[BlackElo "2260"]
[PlyCount "107"]
[EventDate "2008.??.??"]
[SourceTitle "OM Portal C 201906"]
[Source "Opening Master"]
[SourceDate "2019.06.27"]
[SourceVersion "1"]
[SourceVersionDate "2019.06.27"]
[SourceQuality "1"]

1. e4 e5 2. Nf3 Nc6 3. c3 d5 4. Qa4 f6 5. Bb5 Nge7 6. exd5 Qxd5 7. O-O e4 8.
Ne1 Bf5 9. f3 exf3 10. Nxf3 Bd3 11. Bxd3 Qxd3 12. Ne1 Qg6 13. b4 Nd5 14. b5 Nb6
15. Qb3 Na5 16. Qe6+ Kd8 17. Qh3 Qe8 18. Ba3 Qxb5 19. Bxf8 Rxf8 20. Qxh7 Qd7
21. Nd3 g5 22. Qg6 Qd6 23. Nf2 Rh8 24. h3 Nd7 25. Ne4 Qb6+ 26. d4 Nc4 27. Nbd2
Nxd2 28. Nxd2 c5 29. Ne4 cxd4 30. Rab1 Qc6 31. cxd4 Rf8 32. d5 Qc4 33. d6 b6
34. Qh7 Qe6 35. Rbe1 Qf7 36. Qxf7 Rxf7 37. Nxg5 Rf8 38. Ne6+ Ke8 39. Nc7+ Kf7
40. Re7+ Kg6 41. Nxa8 Nc5 42. Nc7 f5 43. g4 f4 44. Nd5 f3 45. Rxa7 Kg5 46. d7
Ne6 47. Nxb6 Kh4 48. Kh2 f2 49. Ra5 Ng5 50. Kg2 Nxh3 51. Rh5+ Kxg4 52. Rxh3 Kg5
53. Rg3+ Kh4 54. Rh1# 1-0

[Event "GER-chT U14"]
[Site "Verden"]
[Date "2008.12.29"]
[Round "5.3"]
[White "Wendering, Leonard"]
[Black "Osterloh, Felix"]
[Result "1-0"]
[WhiteElo "1285"]
[BlackElo "1497"]
[PlyCount "101"]
[EventDate "2008.12.27"]
[EventType "team-swiss"]
[EventRounds "7"]
[EventCountry "GER"]
[SourceTitle "EXT 2010"]
[Source "ChessBase"]
[SourceDate "2009.11.30"]
[SourceVersion "1"]
[SourceVersionDate "2009.11.30"]
[SourceQuality "1"]
[WhiteTeam "Heitersheim"]
[BlackTeam "Jena"]
[WhiteTeamCountry "GER"]
[BlackTeamCountry "GER"]

1. e4 e5 2. Nf3 Nc6 3. c3 Nf6 4. d3 d5 5. Bg5 dxe4 6. Bxf6 gxf6 7. dxe4 Qxd1+
8. Kxd1 Bg4 9. Nbd2 O-O-O 10. Kc2 Bc5 11. Bc4 Rd7 12. Rhf1 Rg8 13. Ng1 Be6 14.
Bxe6 fxe6 15. g3 Rgd8 16. Ngf3 a5 17. a3 a4 18. Rad1 Na5 19. h4 Nb3 20. g4 h6
21. Nxb3 axb3+ 22. Kc1 Rxd1+ 23. Rxd1 Rxd1+ 24. Kxd1 Bxf2 25. g5 hxg5 26. hxg5
fxg5 27. Nxg5 Kd7 28. Ke2 Bg3 29. Nf3 Bf4 30. Nd2 Bxd2 31. Kxd2 Kd6 32. Kd3 c6
33. c4 Kc5 34. Kc3 b6 35. a4 b5 36. axb5 cxb5 37. cxb5 Kxb5 38. Kxb3 Kc5 39.
Kc3 Kb5 40. b4 Kb6 41. Kc4 Kc6 42. b5+ Kb6 43. Kb4 Kb7 44. Kc5 Kc7 45. b6+ Kb7
46. Kd6 Kxb6 47. Kxe6 Kc7 48. Kxe5 Kd7 49. Kd5 Ke8 50. Ke6 Kd8 51. Kf7 1-0

[Event "Besancon op"]
[Site "Besancon"]
[Date "2008.12.29"]
[Round "5"]
[White "Jannin, Andre"]
[Black "Flesch, Etienne"]
[Result "0-1"]
[WhiteElo "1470"]
[BlackElo "1620"]
[PlyCount "64"]
[EventDate "2008.12.26"]
[EventType "swiss"]
[EventRounds "7"]
[EventCountry "FRA"]
[SourceTitle "CBM 128 Extra"]
[Source "ChessBase"]
[SourceDate "2009.03.05"]
[SourceVersion "2"]
[SourceVersionDate "2009.03.25"]
[SourceQuality "1"]

1. e4 e5 2. Nf3 Nc6 3. c3 Nf6 4. Qc2 Bc5 5. d3 Ng4 6. d4 exd4 7. cxd4 Bxd4 8.
Nxd4 Nxd4 9. Qc3 Qf6 10. Be3 Nc6 11. Bd3 Qxc3+ 12. Nxc3 Nxe3 13. fxe3 Nb4 14.
Bb1 O-O 15. a3 Na6 16. O-O d6 17. b4 Be6 18. Rf4 c6 19. Bd3 Nc7 20. Raf1 b5 21.
Rh4 g6 22. Ne2 a5 23. Rf3 axb4 24. Nf4 bxa3 25. Rg3 a2 26. Nh5 a1=Q+ 27. Kf2
Ra2+ 28. Be2 f5 29. Nf4 fxe4 30. Rg5 Qf6 31. Rhh5 Kh8 32. Kg1 gxh5 0-1

[Event "GER-chT U14"]
[Site "Verden"]
[Date "2008.12.28"]
[Round "4.3"]
[White "Wendering, Leonard"]
[Black "Gomer, Thomas"]
[Result "1-0"]
[WhiteElo "1285"]
[BlackElo "1125"]
[PlyCount "135"]
[EventDate "2008.12.27"]
[EventType "team-swiss"]
[EventRounds "7"]
[EventCountry "GER"]
[SourceTitle "EXT 2010"]
[Source "ChessBase"]
[SourceDate "2009.11.30"]
[SourceVersion "1"]
[SourceVersionDate "2009.11.30"]
[SourceQuality "1"]
[WhiteTeam "Heitersheim"]
[BlackTeam "Balingen"]
[WhiteTeamCountry "GER"]
[BlackTeamCountry "GER"]

1. e4 e5 2. Nf3 Nc6 3. c3 Nf6 4. d3 d5 5. Qa4 Bd7 6. exd5 Nxd5 7. Qb3 Nb6 8.
Be3 Be6 9. c4 Bb4+ 10. Nbd2 Bxd2+ 11. Nxd2 O-O 12. Be2 Re8 13. O-O Nd4 14. Bxd4
exd4 15. Qc2 Bf5 16. Bf3 c6 17. Rfe1 Nd7 18. Be4 Bxe4 19. Nxe4 Nf6 20. Ng3 Qa5
21. Ne4 Nxe4 22. Rxe4 Rxe4 23. dxe4 Re8 24. Qd3 c5 25. a3 f5 26. f3 a6 27. Rb1
fxe4 28. fxe4 b5 29. b4 Qb6 30. bxc5 Qxc5 31. cxb5 axb5 32. Rxb5 Qc1+ 33. Kf2
Rf8+ 34. Kg3 Qf4+ 35. Kh3 Qe3+ 36. Qxe3 dxe3 37. Rb3 e2 38. Re3 Ra8 39. Rxe2
Rxa3+ 40. Kg4 Kf7 41. Kf4 Ke6 42. g3 h6 43. Re3 g5+ 44. Kf3 Ra5 45. Kg4 Ke5 46.
Kh5 Ra6 47. h3 Rb6 48. Kg4 Ra6 49. h4 gxh4 50. gxh4 Rg6+ 51. Kh5 Ra6 52. Rg3
Kxe4 53. Rg6 Ra5+ 54. Kxh6 Kf4 55. h5 Ra7 56. Rf6+ Kg4 57. Kg6 Ra8 58. h6 Rg8+
59. Kh7 Rd8 60. Kg7 Kh5 61. h7 Kg5 62. Rf8 Rd7+ 63. Kg8 Rd6 64. h8=Q Rg6+ 65.
Qg7 Rxg7+ 66. Kxg7 Kh5 67. Rf1 Kg5 68. Kf7 1-0

[Event "Besancon op"]
[Site "Besancon"]
[Date "2008.12.28"]
[Round "2"]
[White "Jannin, Andre"]
[Black "Maniere, Yves"]
[Result "1-0"]
[WhiteElo "1470"]
[BlackElo "1470"]
[PlyCount "91"]
[EventDate "2008.12.26"]
[EventType "swiss"]
[EventRounds "7"]
[EventCountry "FRA"]
[SourceTitle "CBM 128 Extra"]
[Source "ChessBase"]
[SourceDate "2009.03.05"]
[SourceVersion "2"]
[SourceVersionDate "2009.03.25"]
[SourceQuality "1"]

1. e4 e5 2. Nf3 Nc6 3. c3 Nf6 4. Qc2 d5 5. exd5 Nxd5 6. d4 exd4 7. Bb5 Be7 8.
Nxd4 O-O 9. Nxc6 bxc6 10. Bxc6 Rb8 11. b3 Nf6 12. O-O Bb7 13. Rd1 Bd6 14. Bxb7
Rxb7 15. Bg5 Rb6 16. Nd2 Be7 17. Nc4 Qb8 18. Nxb6 Qxb6 19. Be3 Qb8 20. Qf5 Bd6
21. Bf4 Rd8 22. Bxd6 cxd6 23. Rd3 h6 24. Rg3 Kf8 25. Re1 Qc7 26. c4 Rb8 27.
Rge3 Ng8 28. Qf4 Rd8 29. Rd1 Nf6 30. Red3 Ne8 31. b4 Qb8 32. c5 d5 33. Qxb8
Rxb8 34. a3 Nc7 35. Rd4 Nb5 36. Rxd5 Nxa3 37. Rd8+ Rxd8 38. Rxd8+ Ke7 39. Rd1
Nb5 40. c6 a6 41. f4 Ke8 42. Kf2 Nc7 43. g4 g6 44. f5 Kf8 45. Rd7 Ne8 46. c7
1-0

[Event "Attica-ch U12"]
[Site "Athens"]
[Date "2008.12.27"]
[Round "3"]
[White "Poulopoulos, Ioannis"]
[Black "Noutsos, Stamoulis"]
[Result "1-0"]
[WhiteElo "1757"]
[BlackElo "1497"]
[PlyCount "61"]
[EventDate "2008.12.25"]
[EventType "swiss"]
[EventRounds "7"]
[EventCountry "GRE"]
[SourceTitle "EXT 2011"]
[Source "ChessBase"]
[SourceDate "2010.11.26"]
[SourceVersion "1"]
[SourceVersionDate "2010.11.26"]
[SourceQuality "1"]

1. e4 e5 2. Nf3 Nc6 3. c3 Nf6 4. d4 exd4 5. e5 Nd5 6. Bb5 Nb6 7. cxd4 a6 8. Be2
d6 9. O-O Be7 10. Bd2 dxe5 11. dxe5 O-O 12. Qc2 Bg4 13. Re1 Bxf3 14. Bxf3 Nd4
15. Qe4 Nxf3+ 16. Qxf3 Qd5 17. Qg3 Kh8 18. Bf4 c6 19. Nc3 Qe6 20. Ne4 Rfe8 21.
h3 Rab8 22. Nd6 Red8 23. Nxf7+ Qxf7 24. e6 Qf8 25. Bxb8 Rxb8 26. Re3 Bf6 27. e7
Qe8 28. Qxb8 Nc8 29. Qxc8 Qxc8 30. e8=Q+ Qxe8 31. Rxe8# 1-0

[Event "7. Bad Königshofen Open"]
[Site "Bad Königshofen"]
[Date "2008.12.26"]
[Round "1.1"]
[White "Schmid, Michael"]
[Black "Feichtner, Thorsten"]
[Result "1-0"]
[WhiteElo "2141"]
[BlackElo "1643"]
[PlyCount "51"]
[EventDate "2008.??.??"]
[EventRounds "7"]
[SourceTitle "OM OTB B 201907"]
[Source "Opening Master"]
[SourceDate "2019.07.06"]
[SourceVersion "2"]
[SourceVersionDate "2019.07.06"]
[SourceQuality "1"]

1. e4 e5 2. Nf3 Nc6 3. c3 d5 4. Qa4 Bd7 5. exd5 Nd4 6. Qd1 Nxf3+ 7. Qxf3 Nf6 8.
Bc4 Bd6 9. d3 Bg4 10. Qg3 Qd7 11. h3 e4 12. Bf4 Nh5 13. Qxg4 Nxf4 14. dxe4 f5
15. Qxf5 Qxf5 16. exf5 Nxg2+ 17. Kd1 O-O 18. Bd3 Nh4 19. Nd2 Rad8 20. Kc2 Nxf5
21. Ne4 Be5 22. Nc5 Nd6 23. Rhf1 Rf6 24. Rae1 Bf4 25. Re7 b6 26. Ne6 1-0

[Event "3m + 0s, rated"]
[Site "?"]
[Date "2008.12.26"]
[Round "?"]
[White "Zayats"]
[Black "CAME ON"]
[Result "0-1"]
[WhiteElo "2824"]
[BlackElo "2723"]
[PlyCount "112"]
[EventDate "2008.12.30"]
[EventType "blitz"]
[SourceTitle "OM Portal C 201906"]
[Source "Opening Master"]
[SourceDate "2019.06.27"]
[SourceVersion "1"]
[SourceVersionDate "2019.06.27"]
[SourceQuality "1"]

1. e4 e5 2. Nf3 Nc6 3. c3 Nf6 4. d4 d6 5. Bd3 Be7 6. O-O O-O 7. Re1 Bg4 8. Nbd2
Bh5 9. b4 a6 10. a4 Nb8 11. Nf1 Nbd7 12. Ng3 Bg6 13. a5 c6 14. Qb3 Qc7 15. h3
Nh5 16. Nh2 Nxg3 17. fxg3 Rad8 18. Ra2 Bf6 19. Ng4 exd4 20. Nxf6+ Nxf6 21. cxd4
d5 22. Bf4 Qd7 23. Bg5 dxe4 24. Bxf6 gxf6 25. Bc4 Qxd4+ 26. Kh2 Kg7 27. Rae2
Rfe8 28. Re3 h5 29. h4 f5 30. Be2 Qe5 31. Qc3 Rd4 32. Rf1 Red8 33. Rf4 Qf6 34.
Qc5 R4d5 35. Qb6 Qd4 36. Qxd4+ Rxd4 37. Rb3 Rd2 38. Bf1 Kf6 39. Bc4 R8d4 40.
Bf1 Ke5 41. Kg1 f6 42. Rf2 Bf7 43. Rb2 e3 44. Re2 Rxb2 45. Rxb2 Rd2 46. Rb1 e2
47. Re1 Bc4 48. Kf2 f4 49. gxf4+ Kxf4 50. g3+ Kg4 51. Bg2 Bd5 52. Bxd5 cxd5 53.
Ke3 Rb2 54. Rg1 f5 55. Kd4 Rd2+ 56. Ke5 Rd1 0-1

[Event "3m + 0s, rated"]
[Site "?"]
[Date "2008.12.26"]
[Round "?"]
[White "Zayats"]
[Black "Sattar"]
[Result "1-0"]
[WhiteElo "2823"]
[BlackElo "2768"]
[PlyCount "61"]
[EventDate "2008.12.30"]
[EventType "blitz"]
[SourceTitle "OM Portal C 201906"]
[Source "Opening Master"]
[SourceDate "2019.06.27"]
[SourceVersion "1"]
[SourceVersionDate "2019.06.27"]
[SourceQuality "1"]

1. e4 e5 2. Nf3 Nc6 3. c3 Nge7 4. d4 exd4 5. Bb5 d5 6. exd5 Nxd5 7. Nxd4 Bd7 8.
O-O Be7 9. Re1 O-O 10. Nxc6 bxc6 11. Bc4 Bd6 12. Qh5 Rb8 13. Nd2 Nf4 14. Qf3
Re8 15. Ne4 Nd5 16. Bg5 Be7 17. Qh5 Rxb2 18. Rad1 f5 19. Bc1 Rb8 20. Ng5 Bxg5
21. Bxg5 Rxe1+ 22. Rxe1 Qf8 23. h4 Re8 24. Rd1 Qc5 25. Bb3 Qxc3 26. Bxd5+ cxd5
27. Rxd5 Bc6 28. Kh2 g6 29. Rc5 Qxc5 30. Qd1 Qd6+ 31. g3 1-0

[Event "3m + 0s, rated"]
[Site "?"]
[Date "2008.12.26"]
[Round "?"]
[White "Zayats"]
[Black "Sattar"]
[Result "1/2-1/2"]
[WhiteElo "2819"]
[BlackElo "2773"]
[PlyCount "103"]
[EventDate "2008.12.30"]
[EventType "blitz"]
[SourceTitle "OM Portal C 201906"]
[Source "Opening Master"]
[SourceDate "2019.06.27"]
[SourceVersion "1"]
[SourceVersionDate "2019.06.27"]
[SourceQuality "1"]

1. e4 e5 2. Nf3 Nc6 3. c3 Nge7 4. d4 exd4 5. cxd4 d5 6. exd5 Nxd5 7. Bb5 Bb4+
8. Nbd2 Qe7+ 9. Qe2 Qxe2+ 10. Kxe2 Bd7 11. Re1 O-O-O 12. Kf1 f6 13. a3 Ba5 14.
b4 Bb6 15. Bb2 Nce7 16. Bc4 c6 17. Nb3 Rhe8 18. Nc5 Bxc5 19. dxc5 Bf5 20. Nd4
Bd7 21. Rad1 Nf5 22. Bxd5 Rxe1+ 23. Rxe1 cxd5 24. Nxf5 Bxf5 25. Re7 Rd7 26.
Re8+ Rd8 27. Re3 d4 28. Rf3 d3 29. Bc3 Bg6 30. Ke1 Re8+ 31. Re3 Rxe3+ 32. fxe3
Kd7 33. b5 Bf7 34. Bd4 Bc4 35. a4 a6 36. bxa6 Bxa6 37. Kd2 Kc6 38. e4 Kd7 39.
Kc3 Ke6 40. g3 h5 41. h4 Bc4 42. Be3 Ba6 43. Bd4 g6 44. Be3 Ke5 45. Bd4+ Kxe4
46. Bxf6 Kf3 47. Be5 Ke2 48. Bf4 Kf3 49. Bb8 Ke2 50. Bf4 Kf3 51. Bb8 Ke2 52.
Bf4 1/2-1/2

[Event "FICS rated standard game"]
[Site "FICS freechess.org"]
[Date "2008.12.26"]
[Round "?"]
[White "Opinel"]
[Black "cbu"]
[Result "1-0"]
[WhiteElo "2439"]
[BlackElo "2146"]
[PlyCount "155"]
[EventDate "2008.??.??"]
[SourceTitle "OM Portal C 201906"]
[Source "Opening Master"]
[SourceDate "2019.06.27"]
[SourceVersion "1"]
[SourceVersionDate "2019.06.27"]
[SourceQuality "1"]

1. e4 e5 2. Nf3 Nc6 3. c3 Nf6 4. d4 Nxe4 5. d5 Ne7 6. Nxe5 Ng6 7. Qf3 Nf6 8.
Nxg6 hxg6 9. Be2 d6 10. O-O Be7 11. h3 Bf5 12. Re1 O-O 13. Bd3 Bxd3 14. Qxd3 a5
15. Be3 Nd7 16. Nd2 Re8 17. Qb5 b6 18. a4 Bf6 19. Rad1 g5 20. Re2 Ne5 21. f3
Ng6 22. Ne4 Kf8 23. Rde1 Re5 24. g3 Qe8 25. Qc4 Qd7 26. Kg2 Rae8 27. Bd4 Rf5
28. b3 Ne5 29. Bxe5 Rfxe5 30. Qd3 R8e7 31. Re3 Qf5 32. Qa6 Re8 33. Qb5 g6 34.
b4 Kg7 35. bxa5 bxa5 36. Qxa5 Rxd5 37. Qxc7 Rh8 38. g4 Qf4 39. Qc6 Ra5 40. Nxf6
Qxf6 41. Rd1 d5 42. Qxf6+ Kxf6 43. Rd4 Rha8 44. Kg3 Rxa4 45. Rxd5 Rc4 46. Rd6+
Kg7 47. Rd7 Ra1 48. Ree7 Rf4 49. Rc7 Rf1 50. Re3 Rc1 51. h4 Kf6 52. Rc6+ Kg7
53. hxg5 Ra4 54. Rc7 Ra8 55. Ree7 Rf8 56. c4 Rc3 57. c5 Rc4 58. Red7 Rc3 59. c6
Rc5 60. Kf4 Kg8 61. Ke4 Ra8 62. f4 Ra4+ 63. Rd4 Ra8 64. f5 Re8+ 65. Kf4 gxf5
66. gxf5 Rc1 67. f6 Rf8 68. Re4 Kh7 69. Kf5 Kg8 70. Ree7 Rc5+ 71. Kf4 Rc4+ 72.
Ke3 Rc3+ 73. Kd4 Rg3 74. Rcd7 Rxg5 75. c7 Ra5 76. Rxf7 Rc8 77. Rg7+ Kf8 78.
Rd8+ 1-0

[Event "FICS rated standard game"]
[Site "FICS freechess.org"]
[Date "2008.12.25"]
[Round "?"]
[White "Opinel"]
[Black "SteveValdezJr"]
[Result "1-0"]
[WhiteElo "2419"]
[BlackElo "2307"]
[PlyCount "139"]
[EventDate "2008.??.??"]
[SourceTitle "OM Portal C 201906"]
[Source "Opening Master"]
[SourceDate "2019.06.27"]
[SourceVersion "1"]
[SourceVersionDate "2019.06.27"]
[SourceQuality "1"]

1. e4 e5 2. Nf3 Nc6 3. c3 d5 4. Bb5 dxe4 5. Nxe5 Qd5 6. Qa4 Nge7 7. f4 exf3 8.
Nxf3 Qe6+ 9. Kf2 Bd7 10. Re1 Qf5 11. d4 O-O-O 12. Kg1 Ng6 13. Na3 Bxa3 14. bxa3
a6 15. Bf1 Rhe8 16. Qd1 Rxe1 17. Nxe1 Be6 18. Qc2 Qf6 19. Qf2 Qxf2+ 20. Kxf2
Nge7 21. Nf3 h6 22. a4 g5 23. Bb2 Ng6 24. g3 Kb8 25. Ba3 g4 26. Nd2 Nge5 27.
Bc1 Nd7 28. Nb3 Nb6 29. Nc5 h5 30. Bd3 Bc4 31. Bxc4 Nxc4 32. Bf4 Kc8 33. Rb1
Nb6 34. Ke2 Na5 35. Kd3 Nd7 36. Nxd7 Rxd7 37. Rf1 Nc6 38. Kc2 b6 39. Be3 Na5
40. Bc1 Nc6 41. Rf6 Kb7 42. Be3 Na5 43. Bf4 Nc4 44. Rf5 Re7 45. Rxh5 f6 46. Rh4
Rg7 47. Kb3 Na5+ 48. Kb4 Nc6+ 49. Kc4 Ne7 50. Rh6 Ng8 51. Rh5 Ne7 52. Kd3 Ng6
53. Bc1 Ne7 54. d5 Ng6 55. Ke4 Ne7 56. Ba3 Kc8 57. Rh6 Rf7 58. c4 Kd7 59. a5
bxa5 60. Kf4 c6 61. d6 Nc8 62. c5 f5 63. Bb2 a4 64. Kg5 Na7 65. Bf6 Ke6 66.
Be7+ Kd7 67. Kg6 Rxe7 68. dxe7 Nc8 69. Kf7 Nxe7 70. Rd6+ 1-0

[Event "3m + 0s, rated"]
[Site "?"]
[Date "2008.12.24"]
[Round "?"]
[White "Dan_mk"]
[Black "Insanechess"]
[Result "0-1"]
[WhiteElo "2522"]
[BlackElo "2445"]
[PlyCount "118"]
[EventDate "2008.12.30"]
[EventType "blitz"]
[SourceTitle "OM Portal C 201906"]
[Source "Opening Master"]
[SourceDate "2019.06.27"]
[SourceVersion "1"]
[SourceVersionDate "2019.06.27"]
[SourceQuality "1"]

1. e4 e5 2. Nf3 Nc6 3. c3 Nf6 4. Qa4 Be7 5. d4 Nxe4 6. d5 Nc5 7. Qg4 Nb8 8.
Qxg7 Bf6 9. Qh6 d6 10. Bg5 Nbd7 11. Nbd2 Bxg5 12. Nxg5 Qf6 13. Qh5 Qf5 14.
O-O-O h6 15. h4 a5 16. g4 Qg6 17. Qxg6 fxg6 18. Nge4 Ke7 19. Bb5 Nxe4 20. Nxe4
Nf6 21. Nxf6 Kxf6 22. g5+ Ke7 23. Rhg1 h5 24. Rg3 Rf8 25. Bd3 Bf5 26. Bb5 Rf7
27. Rd2 Raf8 28. Kd1 Bb1 29. Ke1 Rf4 30. Rh3 Bxa2 31. b4 Bc4 32. Bxc4 Rxc4 33.
bxa5 Ra4 34. Rb2 Rb8 35. Rf3 Rxa5 36. Rf6 Rg8 37. Rxb7 Rc5 38. Re6+ Kd7 39. Rf6
Rg7 40. Kd2 Rxd5+ 41. Ke3 Kc6 42. Ra7 Rc5 43. Kd3 Rd5+ 44. Ke3 Rc5 45. Kd3 Kb6
46. Ra4 Rg8 47. Rb4+ Kc6 48. Rf7 Ra8 49. Ke4 Ra3 50. Kd3 Raxc3+ 51. Ke2 R3c4
52. Rxc4 Rxc4 53. Rf6 Re4+ 54. Kf1 Rxh4 55. Rxg6 Rg4 56. f3 Rg3 57. Kf2 h4 58.
Rh6 Kd5 59. Rxh4 Rxf3+ 0-1

[Event "IND-chA 46th"]
[Site "Mangalore"]
[Date "2008.12.22"]
[Round "5"]
[White "Shyam, Sundar M"]
[Black "Thejkumar, MS."]
[Result "1/2-1/2"]
[WhiteElo "2402"]
[BlackElo "2441"]
[PlyCount "120"]
[EventDate "2008.12.17"]
[EventType "tourn"]
[EventRounds "13"]
[EventCountry "IND"]
[EventCategory "9"]
[SourceTitle "CBM 127 Extra"]
[Source "ChessBase"]
[SourceDate "2009.01.08"]
[SourceVersion "2"]
[SourceVersionDate "2009.01.28"]
[SourceQuality "1"]

1. e4 e5 2. Nf3 Nc6 3. c3 Nf6 4. d4 d5 5. Bb5 Nxe4 6. Nxe5 Bd7 7. Nxd7 Qxd7 8.
O-O Be7 9. Nd2 Nxd2 10. Bxd2 O-O 11. Qf3 Bd6 12. Kh1 a6 13. Ba4 Be7 14. Rae1
Rfe8 15. Bc2 g6 16. Re2 Bf8 17. Rfe1 Rxe2 18. Rxe2 Re8 19. h3 Rxe2 20. Qxe2 Ne7
21. Bf4 Nc8 22. Qg4 Qxg4 23. hxg4 Bd6 24. Be3 f6 25. g3 c6 26. Kg2 Kf7 27. f4
Bc7 28. Kf3 Nd6 29. Bd3 Bd8 30. b3 Ba5 31. c4 Bc3 32. a4 a5 33. f5 g5 34. Ke2
Ke7 35. Bf2 Nc8 36. Bc2 Nd6 37. Bd3 Kd7 38. Ke3 Kc7 39. Ke2 Ne8 40. Kf3 Kd6 41.
Ke2 Nc7 42. c5+ Kd7 43. Kd1 Na8 44. Kc2 Bb4 45. Be2 b6 46. Bd3 Kc7 47. Be2 Kb7
48. Bd3 Nc7 49. Be2 Ne8 50. Bf1 Ng7 51. Bd3 Kc7 52. Be2 Kd7 53. cxb6 Kc8 54.
Ba6+ Kb8 55. Be3 Ne8 56. Bd2 Nd6 57. Bxb4 axb4 58. Bd3 Nb7 59. Ba6 Nd6 60. Bd3
Nb7 1/2-1/2

[Event "CZE-chT2A 0809"]
[Site "Czechia"]
[Date "2008.12.21"]
[Round "5.5"]
[White "Nejdl, Eduard"]
[Black "Plesek, Jiri"]
[Result "0-1"]
[WhiteElo "1999"]
[BlackElo "2162"]
[PlyCount "50"]
[EventDate "2008.10.12"]
[EventType "team-tourn"]
[EventRounds "11"]
[EventCountry "CZE"]
[SourceTitle "EXT 2010"]
[Source "ChessBase"]
[SourceDate "2009.11.30"]
[SourceVersion "1"]
[SourceVersionDate "2009.11.30"]
[SourceQuality "1"]
[WhiteTeam "Ceske Budejovice II"]
[BlackTeam "Praha Pankrac II"]
[WhiteTeamCountry "CZE"]
[BlackTeamCountry "CZE"]

1. e4 e5 2. Nf3 Nc6 3. c3 Nf6 4. d4 d6 5. Bb5 Bd7 6. O-O Be7 7. Nbd2 exd4 8.
cxd4 d5 9. exd5 Nxd5 10. Ne4 O-O 11. Nc5 Bxc5 12. dxc5 Ne5 13. Be2 Nxf3+ 14.
Bxf3 Be6 15. Qa4 c6 16. Re1 Qf6 17. Bd2 Qxb2 18. Bg5 Nc3 19. Qh4 Bxa2 20. Qg3
Rfe8 21. Bf6 Rxe1+ 22. Rxe1 Ne2+ 23. Bxe2 Qxf6 24. Qc7 Re8 25. Qxb7 Qe6 0-1

[Event "HUN-chT2 Maroczy 0809"]
[Site "Hungary"]
[Date "2008.12.21"]
[Round "4"]
[White "Szollosi, Laszlo Jr"]
[Black "Karacsony, Attila"]
[Result "0-1"]
[WhiteElo "2300"]
[BlackElo "2302"]
[PlyCount "48"]
[EventDate "2008.10.26"]
[EventType "team-tourn"]
[EventRounds "11"]
[EventCountry "HUN"]
[SourceTitle "EXT 2010"]
[Source "ChessBase"]
[SourceDate "2009.11.30"]
[SourceVersion "1"]
[SourceVersionDate "2009.11.30"]
[SourceQuality "1"]
[WhiteTeam "Dunaharaszti"]
[BlackTeam "Vasas"]
[WhiteTeamCountry "HUN"]
[BlackTeamCountry "HUN"]

1. e4 e5 2. Nf3 Nc6 3. c3 Nf6 4. d3 Be7 5. Be2 O-O 6. O-O h6 7. Qc2 d6 8. a4
Nh7 9. Rd1 f5 10. Nbd2 Kh8 11. Nc4 Qe8 12. Ne3 f4 13. Nd5 Bd8 14. d4 g5 15.
dxe5 dxe5 16. b4 g4 17. Ne1 Nb8 18. b5 c6 19. Nb4 Ng5 20. c4 Qh5 21. Bf1 Nd7
22. Bb2 g3 23. hxg3 fxg3 24. fxg3 Bb6+ 0-1